Urobte zo zákazníka svojho priateľa

Ako obstáť v konkurencii maloobchodného trhu. Prvá, redakčne upravená časť knihy s názvom Ako zvládnuť maloobchod. Sedem krokov k úspechu.

Salvato in:
Dettagli Bibliografici
Autore principale: Toman, Miloš
Natura: Capitolo di libro
Lingua:slovacco
Soggetti:
Tags: Aggiungi Tag
Nessun Tag, puoi essere il primo ad aggiungerne!!

MARC

LEADER 00000naa a2200000 4500
001 0148676
005 20231010141124.6
041 0 |a slo 
044 |a SK 
245 1 0 |a Urobte zo zákazníka svojho priateľa  |c Miloš Toman 
520 |a Ako obstáť v konkurencii maloobchodného trhu. Prvá, redakčne upravená časť knihy s názvom Ako zvládnuť maloobchod. Sedem krokov k úspechu. 
610 2 0 |a maloobchod 
610 2 0 |a maloobchod špecializovaný 
610 2 0 |a zákazníci 
100 1 |a Toman, Miloš